| 000 | 00822cam a22002653a 4500 | ||
|---|---|---|---|
| 001 | 26181 | ||
| 003 | PGUSA | ||
| 005 | 20140828083550.0 | ||
| 008 | 080803s2008||||xxu|||||s|||||000 | eng d | ||
| 040 |
_aPGUSA _beng |
||
| 042 | _adc | ||
| 050 | 4 | _aPZ | |
| 100 | 1 |
_aMacGregor, Mary Esther Miller, _d1876-1961 |
|
| 245 | 1 | 0 |
_aStories of Siegfried, Told to the Children _h[electronic resource] / _cMary Esther Miller MacGregor |
| 260 |
_bProject Gutenberg, _c2008 |
||
| 506 | _aPublic domain in the USA. | ||
| 516 | _aElectronic text | ||
| 653 | _aNibelungenlied -- Adaptations | ||
| 653 | _aSiegfried (Legendary character) -- Juvenile literature | ||
| 700 | 1 | _aFell, Granville | |
| 700 | 1 | _aChisholm, Louey | |
| 830 | 0 |
_aProject Gutenberg _v26181 |
|
| 856 | 4 | 0 | _uhttp://www.gutenberg.org/ebooks/26181 |
| 942 | _cEB | ||
| 999 |
_c255436 _d255436 |
||